[Event "B56"]
[Site "Cleanchess.com   INT"]
[Date "2018.03.13"]
[Round "1"]
[White "Harmon-Vellotti,Luke"]
[Black "Li Chao2"]
[Result "0-1"]
[WhiteElo "2459"]
[BlackElo "2732"]

1.e4 c5 2.Nf3 d6 3.d4 cxd4 4.Nxd4 Nf6 5.Nc3 Bd7 6.Bg5 e6 7.Qd2 h6 8.Bxf6 Qxf6
9.Ndb5 Bxb5 10.Bxb5+ Nc6 11.O-O a6 12.Bxc6+ bxc6 13.f4 Qd8 14.f5 Qb6+ 15.Kh1
Be7 16.fxe6 fxe6 17.e5 d5 18.Qd3 Kd7 19.Qg6 Raf8 20.Qxg7 Rhg8 21.Qh7 Qe3
22.Qd3 Qxe5 23.Qxa6 Bd6 24.Qa7+ Bc7 25.Qg1 h5 26.Na4 Kc8 27.Nc5 h4 28.Rxf8+
Rxf8 29.Re1 Qxb2 30.Qe3 Qe5 31.Qxe5 Bxe5 32.Nxe6 Rf5 33.g4 hxg3 34.hxg3 Bxg3
35.Re2 Kd7 36.Kg2 Bd6 37.Nd4 Rf4 38.Rd2 Re4 39.Kf1 Be5 40.Nf3 Bf6 41.Rd3 Kd6
42.Nd2 Ra4 43.c4 Be5 44.cxd5 cxd5 45.a3 Bb2 46.Ke2 Kc5 47.Nb1 Rc4 48.Nd2 Ra4
49.Nb1 Rh4 50.Nd2 Rh1 51.Nb3+ Kd6 52.Nd2 Ke5 53.Nf3+ Ke6 54.Rd1 Rh8 55.Rd3 Ra8
56.Nd4+ Ke5 57.Nc6+ Kd6 58.Nb4 d4 59.Nc2 Kc5 60.Kd1 Kc4 61.Rh3 Rg8 62.Ne1 Bc3
63.Nd3 Rg2 64.Ne5+ Kb3 65.Nd3 Rd2+ 66.Kc1 Ra2 67.Kd1 Rxa3 68.Nc1+ Kc4 69.Nd3
Ra2 70.Kc1 Rg2 71.Rf3 Re2 72.Rh3 Kb3 73.Nc5+ Kb4 74.Nd3+ Kc4 75.Rf3 Rd2 76.Nf4
Kb3 77.Nd3 Kc4 78.Nf4 Bb4 79.Rh3 Rf2 80.Nd3 Rf1+ 81.Kc2 Bc3 82.Ne5+ Kd5 83.Nd3
Rf8 84.Rh5+ Ke4 85.Re5+ Kf3 86.Kb3 Rb8+ 87.Kc4 Rc8+ 88.Rc5 Ra8 89.Re5 Ba1
90.Re7 Ra3 91.Ne1+ Kg3 92.Re2 Ra4+ 93.Kb3 Ra8 94.Kc4 Rc8+ 95.Kd5 Rd8+ 96.Kc4
d3 97.Rd2 Kf4 98.Rxd3 Rc8+ 99.Kb3 Ke4 100.Rd7 Bc3 101.Nc2 Be5 102.Rd1 Rc3+
103.Kb4 Rxc2 104.Re1+ Kd5 105.Rd1+ Bd4 106.Kb5 Rb2+ 107.Ka5 Kc4 108.Rc1+ Bc3+
109.Ka6 Rb3 110.Ka7 Kd5 111.Rh1 Bd4+ 112.Ka8 Bc5 113.Rh5+ Kc6 114.Rh6+ Bd6
115.Rh7 Rb8+ 116.Ka7 Re8 {#R} 0-1

[Event "B52"]
[Site "Cleanchess.com Baghdad IRQ"]
[Date "2018.03.17"]
[Round "7.7"]
[White "Koniahli,Malek"]
[Black "Zozek,S"]
[Result "1-0"]
[WhiteElo "2211"]
[BlackElo "2252"]

1.e4 c5 2.Nf3 d6 3.Bb5+ Bd7 4.Bxd7+ Qxd7 5.O-O Nf6 6.Re1 Nc6 7.c3 g6 8.d4 cxd4
9.cxd4 Bg7 10.Nc3 O-O 11.b3 Rac8 12.Bb2 Rfd8 13.Qd2 Qg4 14.h3 Qh5 15.Rad1 Qa5
16.a3 b5 17.b4 Qb6 18.Qe2 a5 19.e5 Ne8 20.e6 f5 21.Nd5 Qa7 22.h4 axb4 23.axb4
Qa2 24.Nb6 Rc7 25.Ra1 Qb3 26.Ra3 Qxb4 27.Nd5 Qc4 28.Nxc7 Nxc7 29.Rc3 Nxd4
30.Nxd4 Qxd4 31.Rxc7 Qxb2 32.Qxb2 Bxb2 33.Rxe7 Bc3 34.Re3 b4 35.Rd7 Re8
36.Rxd6 Re7 37.f3 Kg7 38.g4 f4 39.Red3 Be1 40.Rb6 Bxh4 41.Rd7 Kf6 42.Rxe7 Kxe7
43.Rxb4 Kxe6 44.Rxf4 Be7 45.Ra4 h5 46.gxh5 gxh5 47.Ra5 h4 48.Kh2 Bd6+ 49.Kh3
Bg3 50.Kg4 Kf6 51.f4 Kg6 52.Ra6+ Kg7 53.f5 Kf7 54.Kg5 h3 55.Ra7+ Ke8 56.Kg6 h2
57.Rh7 Bf4 58.f6 Be5 59.f7+ Ke7 60.Rxh2 Bxh2 61.Kg7 {#r} 1-0

[Event "B48"]
[Site "Cleanchess.com Baghdad IRQ"]
[Date "2018.03.16"]
[Round "5.2"]
[White "Tarlev,K"]
[Black "Malakhatko,V"]
[Result "1-0"]
[WhiteElo "2546"]
[BlackElo "2536"]

1.e4 c5 2.Nf3 e6 3.d4 cxd4 4.Nxd4 Nc6 5.Nc3 Qc7 6.Be3 a6 7.Qd2 Nf6 8.O-O-O Bb4
9.f3 Ne5 10.Nb3 b5 11.Qe1 Be7 12.f4 Nc4 13.e5 Ng4 14.Bd4 Bb7 15.Bxc4 bxc4
16.Nd2 Nh6 17.Qe2 Nf5 18.Nxc4 Rc8 19.b3 Qc6 20.Rhg1 Nxd4 21.Rxd4 Bc5 22.Rd6
Bxd6 23.Nxd6+ Ke7 24.Nce4 Rc7 25.Qf2 f6 26.Rd1 Rf8 27.Rd2 Kd8 28.Qg3 g6 29.Qh4
{#r} 1-0

[Event "B48"]
[Site "Cleanchess.com Baghdad IRQ"]
[Date "2018.03.15"]
[Round "3.2"]
[White "Ahmed,Abdu"]
[Black "Malakhatko,V"]
[Result "0-1"]
[WhiteElo "2245"]
[BlackElo "2536"]

1.e4 c5 2.Nf3 e6 3.d4 cxd4 4.Nxd4 Nc6 5.Nc3 Qc7 6.Be3 a6 7.Bd3 b5 8.O-O Bb7
9.Kh1 Nf6 10.a3 Ne5 11.f4 Nc4 12.Bc1 d5 13.Qe2 Bc5 14.Nb3 Nxe4 15.Nxe4 dxe4
16.Bxe4 Bxe4 17.Qxe4 O-O 18.Nxc5 Qxc5 19.Qe2 Qc6 20.b3 Nd6 21.Bb2 Rac8 22.Rac1
Rfd8 23.Rfd1 Nf5 24.Rxd8+ Rxd8 25.Rd1 Rxd1+ 26.Qxd1 h5 27.Qd8+ Kh7 28.Qd3 Qc5
29.g3 Qf2 30.Bc3 g6 31.Bd2 Nd4 {#R} 0-1

[Event "B47"]
[Site "Cleanchess.com Port Elizabeth RSA"]
[Date "2018.03.18"]
[Round "9.3"]
[White "Cawdery,D"]
[Black "Makoto,R"]
[Result "1-0"]
[WhiteElo "2428"]
[BlackElo "2349"]

1.e4 c5 2.Nf3 e6 3.d4 cxd4 4.Nxd4 Nc6 5.Nc3 Qc7 6.Be2 Nf6 7.O-O a6 8.Be3 d5
9.exd5 exd5 10.Bf3 Bd6 11.h3 O-O 12.Nxd5 Nxd5 13.Bxd5 Rd8 14.Bxc6 bxc6 15.Qf3
c5 16.Nf5 Bb7 17.Qg4 Bh2+ 18.Kh1 Be5 19.Bg5 f6 20.Be3 g6 21.c3 Qd7 22.Nh6+ Kg7
23.Qxd7+ Rxd7 24.Ng4 Bd6 25.Rad1 f5 26.Ne5 Rdd8 27.Bg5 {#r} 1-0

[Event "B42"]
[Site "Cleanchess.com   INT"]
[Date "2018.03.13"]
[Round "1"]
[White "Robson,R"]
[Black "Flores Rios,M"]
[Result "1-0"]
[WhiteElo "2649"]
[BlackElo "2529"]

1.e4 c5 2.Nf3 e6 3.d4 cxd4 4.Nxd4 a6 5.Bd3 Nf6 6.O-O Qc7 7.Qe2 d6 8.c4 g6
9.Nc3 Bg7 10.Nf3 Nc6 11.h3 O-O 12.Rd1 Rd8 13.Bf4 Nd7 14.Rac1 Nde5 15.Qe3 Nxf3+
16.Qxf3 Ne5 17.Qe3 b6 18.Be2 Qc5 19.Na4 Qxe3 20.Bxe3 b5 21.Nb6 Rb8 22.cxb5
axb5 23.Bxb5 Bb7 24.f4 Bh6 25.a4 Bxe4 26.a5 f5 27.Kf2 Nf7 28.g3 e5 29.Bc6 exf4
30.gxf4 d5 31.Kg3 g5 32.fxg5 Bxg5 33.Bxg5 Nxg5 34.Bxd5+ Bxd5 35.Nxd5 Rb3+
36.Kf4 Nxh3+ 37.Ke5 Rb5 38.b4 Nf2 39.Rd4 Rdxd5+ 40.Rxd5 Nd3+ 41.Kd4 Rxd5+
42.Kxd5 Nxc1 43.a6 {#r} 1-0

[Event "B40"]
[Site "Cleanchess.com Port Elizabeth RSA"]
[Date "2018.03.16"]
[Round "7.5"]
[White "Grover,S"]
[Black "Klaasen,C"]
[Result "1-0"]
[WhiteElo "2484"]
[BlackElo "2320"]

1.e4 c5 2.Nf3 e6 3.g3 Nc6 4.Bg2 Nf6 5.Qe2 d5 6.exd5 Nxd5 7.Nc3 Be7 8.O-O O-O
9.Rd1 Nd4 10.Nxd4 cxd4 11.Nxd5 exd5 12.Qe5 d3 13.cxd3 Be6 14.Qe3 Bf6 15.Rb1
Re8 16.Qf4 Be5 17.Qf3 Qd7 18.Re1 Bg4 19.Qxd5 Bd4 20.Re3 Qxd5 21.Bxd5 Bxe3
22.dxe3 Rad8 23.e4 Be6 24.Bxb7 Rxd3 25.Be3 Red8 26.Kg2 Rd1 27.Rxd1 Rxd1 28.a4
Rb1 29.Bxa7 Rxb2 30.Bc6 Bc4 31.a5 Ra2 32.Bb6 Ra3 33.Bd5 Be2 34.e5 h5 35.f4 g6
36.Kh3 Ba6 37.Kh4 Rd3 38.Bc6 Rd2 39.h3 Rh2 40.Bd7 Kg7 41.f5 Re2 42.g4 Re4
43.fxg6 fxg6 44.Bc6 Re2 45.gxh5 gxh5 46.Bf3 Re1 47.Bxh5 Kh6 48.Bc7 Rc1 49.Bd6
Rc4+ 50.Bg4 Ra4 51.Bc7 Rc4 52.Bd8 Re4 53.e6 Bc8 54.e7 Kg6 55.e8=Q+ {#r} 1-0

[Event "B40"]
[Site "Cleanchess.com   INT"]
[Date "2018.03.13"]
[Round "1"]
[White "Melkumyan,H"]
[Black "Ladva,O"]
[Result "1-0"]
[WhiteElo "2664"]
[BlackElo "2517"]

1.e4 c5 2.Nf3 e6 3.g3 Nc6 4.Bg2 Nf6 5.Qe2 e5 6.O-O Be7 7.Na3 O-O 8.d3 Re8
9.Nc4 Bf8 10.Bg5 h6 11.Bxf6 Qxf6 12.c3 d6 13.Ne3 Be6 14.Nd2 g5 15.Nd5 Qd8
16.Nc4 Bg7 17.Nce3 Ne7 18.Nxe7+ Qxe7 19.Bf3 Rad8 20.a4 Rf8 21.Bg4 d5 22.exd5
Bxd5 23.Nxd5 Rxd5 24.Bf5 Kh8 25.Rae1 b6 26.Kg2 Rdd8 27.Qf3 Bf6 28.Re4 Kg7
29.Rh1 Rh8 30.Rhe1 Qd6 31.Rc4 h5 32.h3 a6 33.b4 h4 34.g4 Rb8 35.a5 cxb4 36.Rc6
Qd8 37.cxb4 bxa5 38.bxa5 Qxa5 39.Be4 Qd8 40.Rxa6 Qe7 41.Qf5 Rbd8 42.Rea1 Rd6
43.Rxd6 Qxd6 44.Ra7 Be7 45.Rb7 Qf6 46.Qd7 Bc5 47.Bf5 Rd8 48.Qc7 Bd4 49.Qc4 Re8
50.Rc7 Re7 51.Rc6 Qxc6+ 52.Qxc6 Ra7 53.Qd5 Rc7 54.Qf3 Rc2 55.Be4 Rd2 56.Qf5
Kf8 57.Bd5 {#r} 1-0

[Event "B31"]
[Site "Cleanchess.com   INT"]
[Date "2018.03.13"]
[Round "1"]
[White "Lenic,L"]
[Black "Alekseenko,K"]
[Result "0-1"]
[WhiteElo "2662"]
[BlackElo "2609"]

1.e4 c5 2.Nf3 Nc6 3.Bb5 g6 4.Bxc6 dxc6 5.d3 Bg7 6.h3 Nh6 7.Nc3 f6 8.Be3 b6
9.Qd2 Nf7 10.a3 e5 11.b4 cxb4 12.axb4 O-O 13.O-O f5 14.Qe2 f4 15.Bd2 Qd6 16.b5
Bd7 17.Rfb1 Rfc8 18.Bc1 Qe6 19.Qd1 h5 20.Nd2 g5 21.Qxh5 cxb5 22.Nxb5 Rxc2
23.Qd1 Rc5 24.Nxa7 Bf8 25.Nb3 Rc3 26.Nb5 Rxb3 27.Rxa8 Rxb1 28.Rxf8+ Kxf8
29.Ba3+ Kg7 30.Qxb1 Qc6 31.Na7 Qa4 32.Qb4 Qxa7 33.Qf8+ Kf6 34.Qe7+ Kg6 35.d4
exd4 36.e5 Nxe5 37.Qd6+ Kf5 38.Kh2 Qa4 39.Bb2 Qc6 40.Qxd4 Qc5 41.Qd2 Bc6
42.Qe2 Qd5 43.f3 Ke6 44.Qc2 Kd6 45.Qf5 Nxf3+ {#R} 0-1

[Event "B31"]
[Site "Cleanchess.com Saint Louis USA"]
[Date "2018.03.14"]
[Round "9.2"]
[White "Shtembuliak,E"]
[Black "Priyadharshan,K"]
[Result "1-0"]
[WhiteElo "2507"]
[BlackElo "2513"]

1.Nf3 c5 2.e4 Nc6 3.Bb5 g6 4.O-O Bg7 5.c3 Nf6 6.Re1 O-O 7.h3 a6 8.Bxc6 bxc6
9.d4 cxd4 10.cxd4 d6 11.Nc3 Rb8 12.b3 Nd7 13.Be3 Bb7 14.Rc1 Rc8 15.Qd2 Re8
16.Bh6 Bh8 17.Ng5 e6 18.f4 Qb6 19.e5 c5 20.Nce4 f6 21.dxc5 Nxc5 22.Qxd6 Rc6
23.Nxf6+ Bxf6 24.exf6 Ne4+ 25.Qc5 Qxc5+ 26.Rxc5 Nxg5 27.Rxc6 Nxh3+ 28.gxh3
Bxc6 29.Rc1 Rc8 30.Kf2 Kf7 31.Bg7 Bb7 32.Rxc8 Bxc8 33.h4 Bb7 34.Ke3 Bd5 35.Kd4
h5 36.Kc5 Be4 37.Kd4 Bb1 38.a3 Bc2 39.b4 g5 40.fxg5 Bb3 41.Ke5 Bc2 42.Bh6 Bb3
43.g6+ Kxg6 44.Be3 Kf7 45.Bd4 Ba4 46.Kd6 Be8 47.Bc3 Bb5 48.Kc5 Ke8 49.Kb6 Kd7
50.Be5 Be2 51.a4 Bd3 52.Ka5 Be2 53.b5 axb5 54.axb5 Bf3 55.Kb6 Be2 56.Kc5 Bf3
57.Bd6 Ke8 58.Kb6 Kf7 59.Be5 {#r} 1-0

[Event "B30"]
[Site "Cleanchess.com Novi Sad SRB"]
[Date "2018.03.13"]
[Round "8.2"]
[White "Damljanovic,B"]
[Black "Perunovic,Mil"]
[Result "1-0"]
[WhiteElo "2522"]
[BlackElo "2597"]

1.Nf3 c5 2.e4 Nc6 3.Bb5 d6 4.O-O Bd7 5.Re1 Nf6 6.c3 a6 7.Ba4 b5 8.Bc2 Bg4 9.h3
Bxf3 10.Qxf3 g6 11.d3 Bg7 12.Be3 O-O 13.Nd2 Nd7 14.Qd1 b4 15.Ba4 bxc3 16.bxc3
Rc8 17.Rc1 Nb6 18.Bxc6 Rxc6 19.d4 cxd4 20.cxd4 Qc8 21.Rxc6 Qxc6 22.Qb3 Na4
23.Nc4 Qb5 24.Rc1 h6 25.Na3 Qxb3 26.axb3 Nb2 27.Nc4 Nd3 28.Rc3 Nb4 29.Na5 f5
30.Rc4 Nd3 31.Nc6 fxe4 32.Nxe7+ Kh7 33.Rc6 Rd8 34.Rxa6 Nb4 35.Ra7 Rb8 36.Rc7
Rb5 37.Rd7 Nd5 38.Nc8 Nf6 39.Nxd6 Rxb3 40.Re7 Rb6 41.Ne8 Nxe8 42.Rxe8 Rb1+
43.Kh2 Rd1 44.Rxe4 g5 45.h4 Kg6 46.hxg5 hxg5 47.g4 Bf6 48.Kg2 Kf7 49.Kf3 Rd3
50.Ke2 Ra3 51.Kd2 Rb3 52.Kc2 Ra3 53.Bd2 Ra2+ 54.Kd3 Rb2 55.f3 Ra2 56.Bc3 Rf2
57.Re3 Be7 58.Ke4 Bd6 59.Kf5 Bf4 60.Rd3 Ra2 61.d5 Ra3 62.d6 Bxd6 63.Rxd6 Rxc3
64.Rf6+ {#r} 1-0

[Event "B23"]
[Site "Cleanchess.com   INT"]
[Date "2018.03.13"]
[Round "1"]
[White "Shabalov,A"]
[Black "Zherebukh,Y"]
[Result "0-1"]
[WhiteElo "2568"]
[BlackElo "2633"]

1.e4 c5 2.Nc3 a6 3.f4 e6 4.Nf3 d5 5.d3 dxe4 6.dxe4 Qxd1+ 7.Nxd1 Nc6 8.c3 Nf6
9.Nf2 Be7 10.Bd3 O-O 11.Be3 b5 12.a4 Bb7 13.axb5 axb5 14.Ke2 c4 15.Bc2 b4
16.Nd2 b3 17.Rxa8 Rxa8 18.Bb1 Ba6 19.Rd1 Nd7 20.e5 f5 21.Nde4 Nf8 22.Nc5 Bc8
23.g4 g6 24.gxf5 gxf5 25.Nfe4 fxe4 26.Bxe4 Ra5 27.Bxc6 Bxc5 28.Rd8 Ba6 29.Ra8
Bxe3 30.Kxe3 Ra2 31.f5 Bb5 {#R} 0-1

[Event "B23"]
[Site "Cleanchess.com Villava ESP"]
[Date "2018.03.17"]
[Round "3.1"]
[White "Forgas Moreno,Y"]
[Black "Ibarra Jerez,JC"]
[Result "0-1"]
[WhiteElo "2245"]
[BlackElo "2569"]

1.e4 c5 2.Nc3 a6 3.f4 b5 4.a4 b4 5.Nd5 e6 6.Ne3 Bb7 7.d3 d5 8.exd5 exd5 9.Nf3
Nf6 10.Nf5 Qd7 11.Qe2+ Qe6 12.Qxe6+ fxe6 13.Ng3 Nc6 14.c3 Bd6 15.Be2 O-O
16.O-O Rae8 17.d4 cxd4 18.cxd4 Bc7 19.h3 Ne4 20.Nxe4 dxe4 21.Ne5 Nxd4 22.Bc4
Bd5 23.Bd2 Bxe5 24.Bxd5 exd5 25.fxe5 Nb3 26.Bxb4 Nxa1 27.Bxf8 Nc2 28.Bc5 e3
29.Rc1 d4 30.Rxc2 d3 31.Rc3 d2 32.Rxe3 d1=Q+ 33.Kh2 Qd5 34.e6 {#R} 0-1

[Event "B20"]
[Site "Cleanchess.com Belgrade SRB"]
[Date "2018.03.13"]
[Round "11.2"]
[White "Eric,J"]
[Black "Tomilova,E"]
[Result "1-0"]
[WhiteElo "2265"]
[BlackElo "2313"]

1.e4 c5 2.d3 Nc6 3.g3 e6 4.Bg2 d5 5.Nd2 Nf6 6.Ngf3 g6 7.O-O Bg7 8.exd5 Nxd5
9.Nb3 Qe7 10.c4 Nf6 11.Be3 Nd7 12.d4 cxd4 13.Nfxd4 Nxd4 14.Bxd4 e5 15.Re1 O-O
16.c5 Rd8 17.Qe2 Qf8 18.Bc3 Re8 19.Qc4 a5 20.Bxa5 e4 21.Bc3 Ne5 22.Qxe4 Bf5
23.Qxb7 Nd3 24.Rxe8 Rxe8 25.Qb5 Bxc3 26.bxc3 Ne1 27.Bc6 Bd3 28.Qa4 Qe7 29.Nd4
Rc8 30.Qd1 Nc2 31.Qxd3 Nxa1 32.Qb1 Qxc5 33.Qxa1 h5 34.h4 g5 35.hxg5 Qxg5
36.Qe1 Rb8 37.Qe3 Rb1+ 38.Kg2 Qf6 39.Qe8+ Kg7 40.Be4 Re1 41.Qa8 Qe5 42.Nf5+
Kh7 43.Nd6+ Kg7 44.Qd5 Rxe4 45.Qxe4 Qxd6 46.Qd4+ {#r} 1-0

[Event "B19"]
[Site "Cleanchess.com Port Elizabeth RSA"]
[Date "2018.03.16"]
[Round "7.4"]
[White "Cawdery,D"]
[Black "Luanja,Geoffrey"]
[Result "1-0"]
[WhiteElo "2428"]
[BlackElo "2300"]

1.e4 c6 2.d4 d5 3.Nc3 dxe4 4.Nxe4 Bf5 5.Ng3 Bg6 6.Nf3 Nd7 7.h4 h6 8.h5 Bh7
9.Bd3 Bxd3 10.Qxd3 e6 11.Bd2 Ngf6 12.O-O-O Be7 13.Kb1 Qb6 14.c4 Rd8 15.Qe2 O-O
16.Ne5 c5 17.Bc3 cxd4 18.Bxd4 Bc5 19.Nxd7 Nxd7 20.Bc3 Bb4 21.Bd4 Bc5 22.Bc3
Bb4 23.Ne4 Bxc3 24.Nxc3 Nf6 25.g4 Rxd1+ 26.Rxd1 Rd8 27.f3 Rxd1+ 28.Qxd1 Qc6
29.Qd8+ Ne8 30.Ne4 Kf8 31.g5 Qxc4 32.Qxe8+ {#r} 1-0

[Event "B19"]
[Site "Cleanchess.com Belgrade SRB"]
[Date "2018.03.13"]
[Round "11.5"]
[White "Videnova,I"]
[Black "Velikic,A"]
[Result "1-0"]
[WhiteElo "2323"]
[BlackElo "2293"]

1.e4 c6 2.d4 d5 3.Nc3 dxe4 4.Nxe4 Bf5 5.Ng3 Bg6 6.h4 h6 7.Nf3 e6 8.h5 Bh7
9.Bd3 Bxd3 10.Qxd3 Nf6 11.Bd2 a5 12.O-O-O Bb4 13.Ne5 Bxd2+ 14.Rxd2 O-O 15.f4
Na6 16.f5 Nb4 17.Qb3 exf5 18.a3 f4 19.Nf5 Nbd5 20.Qxb7 Rb8 21.Qxc6 Rb6 22.Qc4
Qb8 23.Nc6 Qb7 24.Nxa5 Qd7 25.Qd3 Rc8 26.Rh3 Ng4 27.Nb3 Rxb3 28.Nxh6+ Nxh6
29.Qxb3 Ng4 30.Kb1 Qe6 31.Qf3 Nge3 32.Rf2 Nc3+ 33.bxc3 Rb8+ 34.Kc1 Qa2 35.Qxf4
Rb1+ 36.Kd2 Nc4+ 37.Ke2 Qxc2+ 38.Kf3 Qxc3+ 39.Kg4 Qe1 40.Qxf7+ Kh8 41.Qxc4
{#r} 1-0

[Event "B19"]
[Site "Cleanchess.com   INT"]
[Date "2018.03.13"]
[Round "1"]
[White "Sheng,Joshua"]
[Black "Kuybokarov,Temur"]
[Result "0-1"]
[WhiteElo "2408"]
[BlackElo "2472"]

1.e4 c6 2.d4 d5 3.Nc3 dxe4 4.Nxe4 Bf5 5.Ng3 Bg6 6.h4 h6 7.Nf3 e6 8.Ne5 Bh7
9.Bd3 Bxd3 10.Qxd3 Nd7 11.f4 Be7 12.Bd2 Nxe5 13.fxe5 Bxh4 14.O-O-O Bxg3
15.Qxg3 Ne7 16.Qxg7 Rg8 17.Qh7 Qd5 18.Rhf1 O-O-O 19.Rxf7 Qxa2 20.c3 Qa1+
21.Kc2 Qa4+ 22.Kc1 Qa1+ 23.Qb1 Qxb1+ 24.Kxb1 Nf5 25.Rf6 Rde8 26.Rg1 h5 27.Kc2
Kd7 28.Kd3 Ref8 29.Rxf8 Rxf8 30.Be1 Rg8 31.Ke2 b5 32.Bf2 a5 33.b3 h4 34.Ra1
Rxg2 35.Rxa5 Rh2 36.Ra7+ Kc8 37.Rh7 Rh1 38.c4 b4 39.Kf3 h3 40.d5 cxd5 41.cxd5
exd5 42.Kg4 Rf1 43.Kxf5 Rxf2+ 44.Ke6 h2 45.Kd6 d4 46.e6 d3 47.e7 Re2 48.Rxh2
d2 49.Rh8+ Kb7 50.e8=Q Rxe8 51.Rxe8 d1=Q+ 52.Kc5 Qh5+ 53.Kxb4 Qxe8 54.Ka5 Qc6
55.Kb4 Qc2 56.Ka3 Kc6 57.Kb4 Kd5 58.Ka4 Kc5 59.Ka3 Kb5 60.b4 Qc3+ {#R} 0-1

[Event "B18"]
[Site "Cleanchess.com Bushehr IRI"]
[Date "2018.03.16"]
[Round "9.4"]
[White "Mosadeghpour,Masoud"]
[Black "Lorparizangeneh,S"]
[Result "0-1"]
[WhiteElo "2535"]
[BlackElo "2506"]

1.e4 c6 2.d4 d5 3.Nd2 dxe4 4.Nxe4 Bf5 5.Ng3 Bg6 6.Nh3 Nf6 7.Bc4 Nbd7 8.Nf4 e5
9.Nxg6 hxg6 10.O-O exd4 11.Qxd4 Bc5 12.Re1+ Kf8 13.Qf4 Qb8 14.Qg5 b5 15.Bb3
Qb6 16.Re2 a5 17.a4 Re8 18.Rxe8+ Kxe8 19.Qf4 Kf8 20.Bd2 b4 21.Re1 Nd5 22.Bxd5
cxd5 23.c3 bxc3 24.Bxc3 d4 25.Bd2 Kg8 26.Re8+ Nf8 27.Qb8 Qxb8 28.Rxb8 Rh4
29.Re8 f5 30.Bg5 Rg4 31.f4 Kf7 32.Rc8 Ne6 33.Kf2 d3+ 34.Ke1 Bb4+ 35.Kf2 d2
36.Ke2 Nxg5 {#R} 0-1

[Event "B14"]
[Site "Cleanchess.com   INT"]
[Date "2018.03.13"]
[Round "1"]
[White "Li Chao2"]
[Black "Holt,C"]
[Result "1-0"]
[WhiteElo "2732"]
[BlackElo "2584"]

1.c4 c6 2.e4 d5 3.exd5 cxd5 4.d4 Nf6 5.Nc3 e6 6.Nf3 Bb4 7.cxd5 Nxd5 8.Bd2 Nc6
9.Bd3 O-O 10.O-O Be7 11.a3 Bf6 12.Be3 Nxc3 13.bxc3 b6 14.Qc2 g6 15.h4 Bb7
16.h5 Ne7 17.Qe2 Qd5 18.hxg6 hxg6 19.Rfb1 Nf5 20.Bf4 Rac8 21.Bd2 Rfe8 22.a4
Nd6 23.a5 e5 24.c4 Nxc4 25.Bxc4 Rxc4 26.axb6 Rxd4 27.bxa7 Rg4 28.Ra3 e4
29.Rxb7 Qxb7 30.Ne1 Rh4 31.Qa6 Qxa6 32.Rxa6 Ra8 33.Be3 Be5 34.Nc2 Kg7 35.Na3
Rhh8 36.Nc4 Bh2+ 37.Kf1 Rad8 38.g3 {#r} 1-0

[Event "B13"]
[Site "Cleanchess.com   INT"]
[Date "2018.03.13"]
[Round "1"]
[White "Fedoseev,Vl3"]
[Black "Shabalov,A"]
[Result "1-0"]
[WhiteElo "2724"]
[BlackElo "2568"]

1.e4 c6 2.d4 d5 3.exd5 cxd5 4.Bd3 Nc6 5.c3 Nf6 6.Bf4 Bg4 7.Qb3 Qc8 8.Nd2 e6
9.Ngf3 Be7 10.O-O O-O 11.h3 Bh5 12.a4 Bg6 13.Bxg6 hxg6 14.h4 Rd8 15.a5 Rd7
16.Qa4 Bd8 17.a6 b6 18.Rfc1 Bc7 19.Bg5 Ne7 20.Ne5 Bxe5 21.dxe5 Ne8 22.Qg4 Nc6
23.Nf3 Na5 24.Ra4 Qxa6 25.b4 d4 26.bxa5 dxc3 27.axb6 Qxb6 28.h5 c2 29.hxg6
Rd1+ 30.Kh2 fxg6 31.Rxc2 {#r} 1-0

[Event "B12"]
[Site "Cleanchess.com Novi Sad SRB"]
[Date "2018.03.14"]
[Round "9.4"]
[White "Perunovic,Mil"]
[Black "Ratkovic,Miloj"]
[Result "1-0"]
[WhiteElo "2597"]
[BlackElo "2427"]

1.e4 c6 2.d4 d5 3.e5 Bf5 4.h4 h5 5.c4 dxc4 6.Bxc4 e6 7.Nc3 Nd7 8.Nge2 Nb6
9.Bd3 Bxd3 10.Qxd3 Qd7 11.Bg5 f6 12.Bf4 O-O-O 13.O-O f5 14.a4 Be7 15.a5 Na8
16.a6 b6 17.d5 exd5 18.e6 Qe8 19.Nb5 cxb5 20.Rac1+ Bc5 21.b4 Nc7 22.bxc5 Nxe6
23.cxb6+ Kd7 24.Qxf5 {#r} 1-0

[Event "B12"]
[Site "Cleanchess.com Saint Louis USA"]
[Date "2018.03.14"]
[Round "9.1"]
[White "Khachiyan,M"]
[Black "Gorovets,A"]
[Result "0-1"]
[WhiteElo "2525"]
[BlackElo "2496"]

1.e4 c6 2.d4 d5 3.e5 Bf5 4.Nc3 e6 5.g4 Bg6 6.Nge2 c5 7.h4 cxd4 8.Nxd4 h5 9.f4
hxg4 10.Bb5+ Nd7 11.f5 Rxh4 12.O-O exf5 13.Nxd5 a6 14.Bg5 Qxg5 15.Ne6 fxe6
16.Bxd7+ Kd8 17.Nf4 Bc5+ 18.Kg2 Ke7 19.Ba4 Be8 20.Qd2 Kf7 21.Bxe8+ Rxe8 22.Qc3
b6 23.b4 Bf8 24.Rad1 Qh6 25.Qc6 Bxb4 26.Nd3 Ne7 27.Qb7 Rh2+ 28.Kg1 Qh3 {#R}
0-1

[Event "B12"]
[Site "Cleanchess.com Port Elizabeth RSA"]
[Date "2018.03.18"]
[Round "9.5"]
[White "Klaasen,C"]
[Black "Luanja,Geoffrey"]
[Result "0-1"]
[WhiteElo "2320"]
[BlackElo "2300"]

1.e4 c6 2.d4 d5 3.e5 c5 4.dxc5 e6 5.Nf3 Bxc5 6.Bd3 Ne7 7.O-O Nbc6 8.a3 Ng6
9.b4 Be7 10.Bb2 Bd7 11.Re1 Rc8 12.Nbd2 O-O 13.c4 Nf4 14.Bf1 dxc4 15.Nxc4 Nd5
16.Nfd2 a5 17.b5 Na7 18.a4 b6 19.Qb3 Rc7 20.Ne4 Bb4 21.Red1 Nc8 22.Qg3 Nce7
23.Ned6 Ng6 24.Qf3 Bc8 25.g3 Rd7 26.Ne4 Bb7 27.Qg4 Kh8 28.Ncd6 Ba8 29.Qh5 Bxd6
30.Nxd6 Nxe5 31.Bxe5 f6 32.Bd3 g6 33.Bxg6 fxe5 34.Bb1 Qf6 35.Ne4 Qg7 36.Kf1
Ne3+ 37.Ke2 Nxd1 {#R} 0-1

[Event "B12"]
[Site "Cleanchess.com Sweden SWE"]
[Date "2018.03.18"]
[Round "9.3"]
[White "Backlund,A"]
[Black "Vernersson,P"]
[Result "1-0"]
[WhiteElo "2321"]
[BlackElo "2278"]

1.e4 c6 2.d4 d5 3.e5 Bf5 4.c3 e6 5.Be3 Nd7 6.Nd2 c5 7.dxc5 Nxe5 8.Bb5+ Nd7
9.Ngf3 Nf6 10.O-O Qc7 11.b4 a6 12.Bxd7+ Nxd7 13.c4 Be7 14.cxd5 exd5 15.Nd4 Bd3
16.Re1 Nf6 17.Qf3 Be4 18.Nxe4 dxe4 19.Qf4 Qxf4 20.Bxf4 O-O 21.Nf5 Rfe8
22.Nxe7+ Rxe7 23.Rad1 h6 24.h3 Rae8 25.Rd6 Rd7 26.Rxd7 Nxd7 27.Rd1 Re7 28.a4
g5 29.Bd6 Re8 30.Bc7 Ne5 31.Bxe5 Rxe5 32.Rd7 a5 33.Rxb7 axb4 34.c6 Rc5 35.c7
Kg7 36.a5 b3 37.a6 b2 38.a7 Rxc7 39.a8=Q Rc1+ 40.Kh2 b1=Q 41.Rxb1 Rxb1 42.Qxe4
Rb6 43.f4 gxf4 44.Qxf4 Re6 45.g4 Kg8 46.Kg3 Kg7 47.Kh4 Rg6 48.Qe5+ Kh7 49.Kg3
Re6 50.Qd4 Kg8 51.h4 Kh7 52.Kf4 Kg8 53.Kf5 Rg6 54.Qe5 Kh7 55.Qe8 Kg7 56.Qe7
Ra6 57.Qe5+ Kg8 58.h5 Ra2 59.Qc5 Kg7 60.Qd4+ Kg8 61.Qd8+ Kh7 62.Kf6 Rf2+
63.Ke7 Rf4 64.Qd3+ Kg7 65.Qc3+ Kh7 66.Qg3 {#r} 1-0

[Event "B12"]
[Site "Cleanchess.com   INT"]
[Date "2018.03.13"]
[Round "1"]
[White "Mitkov,N1"]
[Black "Shimanov,A"]
[Result "0-1"]
[WhiteElo "2454"]
[BlackElo "2641"]

1.e4 c6 2.d4 d5 3.e5 Bf5 4.h4 h5 5.c4 e6 6.Nc3 Ne7 7.Nge2 Nd7 8.Ng3 Bg6 9.Bg5
Qb6 10.Rc1 dxc4 11.Bxc4 Nd5 12.Nxd5 cxd5 13.Bd3 Qxd4 14.Bxg6 Bb4+ 15.Ke2 Qxe5+
16.Be3 fxg6 17.Qa4 Bd6 18.Rhd1 Qxb2+ 19.Rc2 Qa3 20.Qxa3 Bxa3 21.Rc7 b6 22.Ne4
Rf8 23.Ng5 Ke7 24.Rc6 Bd6 25.Ne4 Be5 26.Ng5 Rf6 27.Nh7 Rf5 28.Ng5 Nf8 29.Nf3
Bd6 30.Nd4 Re5 31.Kf1 Re4 32.Nb5 Be5 33.Rdc1 Nd7 34.Nc7 Bxc7 35.Rxc7 Rc4
36.R1xc4 dxc4 37.Rxc4 Kd6 38.Bf4+ e5 39.Be3 Nc5 40.Ke2 Kd5 41.Rb4 Rc8 42.Rb2
Ne6 43.Rb5+ Kd6 44.Rb2 Rc4 45.g3 Nd4+ 46.Kd3 Kd5 47.Rd2 Ra4 48.Rb2 Ra3+ 49.Kd2
Nf5 50.Bg5 Nd6 51.Ke2 Ne4 52.Be3 Rxa2 53.Rxa2 Nc3+ 54.Kd3 Nxa2 55.Bd2 a5 56.f3
Nb4+ 57.Kc3 Nc6 58.Be3 b5 59.Kb3 a4+ 60.Ka3 Kc4 61.Bb6 Nd4 62.f4 exf4 63.gxf4
Nc2+ 64.Kb2 Nb4 65.Bc7 Nd5 66.Be5 b4 67.Ka2 a3 68.Kb1 b3 69.Ka1 Kd3 70.Kb1
Nc3+ {#R} 0-1

[Event "B07"]
[Site "Cleanchess.com   INT"]
[Date "2018.03.13"]
[Round "1"]
[White "Boruchovsky,A"]
[Black "Grigoryan,K2"]
[Result "0-1"]
[WhiteElo "2542"]
[BlackElo "2571"]

1.e4 g6 2.d4 Bg7 3.c3 d6 4.Nf3 Nf6 5.Bd3 O-O 6.O-O Nc6 7.d5 Nb8 8.c4 c6 9.Nc3
Bg4 10.Be3 Nfd7 11.Be2 Bxf3 12.Bxf3 Na6 13.Rc1 Qa5 14.a3 Rac8 15.Bd2 Qd8 16.b4
Ne5 17.Be2 cxd5 18.Nxd5 Nc7 19.f4 Nc6 20.Be3 e6 21.Nxc7 Qxc7 22.Qd2 Rcd8
23.Kh1 b6 24.Bf3 Rb8 25.Rfd1 Rfd8 26.g4 a5 27.b5 Ne7 28.Qf2 Kh8 29.Kg2 f5
30.exf5 gxf5 31.g5 e5 32.h4 exf4 33.Bxf4 Ng6 34.Be3 f4 35.Bd4 Ne5 36.Bxe5 Bxe5
37.Rd3 Rf8 38.Bd5 Qg7 39.Qf3 Bd4 40.Rc2 Rbe8 41.Re2 Re3 42.Rdxe3 fxe3 43.Qe4
Bc5 44.Kh3 Qa1 45.g6 Qf1+ 46.Rg2 hxg6 47.Qxg6 Qf5+ 48.Qxf5 Rxf5 49.Rg8+ Kh7
50.Re8 Re5 51.Rxe5 dxe5 52.Bf3 Bxa3 53.Kg4 a4 54.Be4+ Kh6 55.Kf3 Bc5 56.Bc2 a3
57.Bb3 e4+ 58.Ke2 Kh5 59.Ba2 Kxh4 60.Kd1 Kg3 61.Ke2 Kf4 62.Bb3 Ke5 63.Kd1 Kd4
64.Kc2 Bb4 {#R} 0-1